Central Library OPAC University of Rajshahi

The metaphysics of Rumi : (Record no. 1324)

MARC details
000 -LEADER
fixed length control field 00666nam a2200217 a 4500
001 - CONTROL NUMBER
control field 1324
003 - CONTROL NUMBER IDENTIFIER
rucl marc code BD-RjUL
005 - DATE AND TIME OF LATEST TRANSACTION
control field 20211208233321.0
008 - FIXED-LENGTH DATA ELEMENTS--GENERAL INFORMATION
fixed length control field 131125s1965 pk 000 0 eng d
035 ## - SYSTEM CONTROL NUMBER
System control number (BD-RjUL)1346
040 ## - CATALOGING SOURCE
Original cataloging agency ANL
Language of cataloging eng
Transcribing agency ANL
Modifying agency ANL
-- BD-RjUL
041 ## - LANGUAGE CODE
Language code of text/sound track or separate title eng
082 04 - DEWEY DECIMAL CLASSIFICATION NUMBER
Classification number 297.01
Author mark and year HAM 1965
100 1# - MAIN ENTRY--PERSONAL NAME
Personal name Hakim, Khalifa Abdul.
9 (RLIN) 3916
245 14 - TITLE STATEMENT
Title The metaphysics of Rumi :
Remainder of title a critical and historical sketch /
Statement of responsibility, etc. Khalifa Abdul Hakim.
260 ## - PUBLICATION, DISTRIBUTION, ETC. (IMPRINT)
Place of publication, distribution, etc. Lahore :
Name of publisher, distributor, etc. Institute of Islamic Culture,
Date of publication, distribution, etc. 1965.
300 ## - PHYSICAL DESCRIPTION
Pagination 157 p ;
Size 22 cm.
504 ## - BIBLIOGRAPHY, ETC. NOTE
Bibliography, etc Bibliography: [155]-157.
600 10 - SUBJECT ADDED ENTRY--PERSONAL NAME
Personal name Celaleddin, Rumi, Mevlana,
Dates associated with a name 1207-1273.
942 ## - ADDED ENTRY ELEMENTS (KOHA)
Source of classification or shelving scheme Dewey Decimal Classification
Koha item type Books
Holdings
Lost status Source of classification or shelving scheme Damaged status Not for loan Collection code Permanent Location Current Location Shelving location Date acquired Source of acquisition Cost, normal purchase price Total Checkouts Full call number Date last seen Copy number Koha item type
  Dewey Decimal Classification   Not For Loan Non-fiction Central Library, University of Rajshahi Central Library, University of Rajshahi Reading Room 01/12/1966 Not Found. 3.75   297.01 HAM 1965 25/11/2013 C-1 Books
  Dewey Decimal Classification     Non-fiction Central Library, University of Rajshahi Central Library, University of Rajshahi   01/12/1966 Not Found. 3.75   297.01 HAM 1965 25/11/2013 C-5 Books
  Dewey Decimal Classification     Non-fiction Central Library, University of Rajshahi Central Library, University of Rajshahi   01/12/1966 SWEET & ZEETTINGER 3.75   297.01 HAM 1965 31/03/2014 C-8 Books
  Dewey Decimal Classification     Non-fiction Central Library, University of Rajshahi Central Library, University of Rajshahi   12/02/1966 SWEET & ZEETTINGER 3.75   297.01 HAM 1965 31/03/2014 C-2 Books
  Dewey Decimal Classification     Non-fiction Central Library, University of Rajshahi Central Library, University of Rajshahi   25/03/1966 zeithinger 3.75   297.01 HAM 1965 31/03/2014 C-7 Books
  Dewey Decimal Classification     Non-fiction Central Library, University of Rajshahi Central Library, University of Rajshahi   02/03/1966 SWEET & ZEETTINGER 3.75   297.01 HAM 1965 31/03/2014 C-6 Books
  Dewey Decimal Classification     Non-fiction Central Library, University of Rajshahi Central Library, University of Rajshahi     SWEET & ZEETTINGER 3.75   297.01 HAM 1965 31/03/2014 C-10 Books
  Dewey Decimal Classification     Non-fiction Central Library, University of Rajshahi Central Library, University of Rajshahi   02/12/1966 A.B.C 3.75   297.01 HAM 1965 01/04/2014 C-3 Books
  Dewey Decimal Classification     Non-fiction Central Library, University of Rajshahi Central Library, University of Rajshahi   08/12/1966 Mahamud Boss. 3.75   297.01 HAM 1965 04/12/2016 C-4 Books